000 00267nam a22001217a 4500
999 _c170555
_d170555
082 _a
_b
100 _aPanikkar K N
245 _aAganist lord and state/
_cby Panikkar K N.
260 _aClarendon:
_bOxford,
_c2001.
300 _a228p.
650 _a
942 _cBK